El arbitrio judicial /

Defensa de la figura del arbitrio judicial en el marco del derecho español, que va a contracorriente de una doctrina que equipara el arbitrio con la arbitrariedad y cree en la posibilidad de desarrollar una actividad judicial sin el ejercicio lícito del arbitrio. La postura de Alejandro Nieto es que...

Popoln opis

Shranjeno v:
Bibliografske podrobnosti
Glavni avtor: Nieto García, Alejandro (autor)
Format: Knjiga
Jezik:španščina
Izdano: Barcelona, España : Ariel, 2000, c2000
Serija:(Ariel Derecho)
Teme:
Oznake: Označite
Brez oznak, prvi označite!

MARC

LEADER 00000nam^a2200000^a^4500
001 000152514
005 20250521000000.0
009 20260310100248.145
020 |a 84-344-1646-8 
037 |a Acervo ITESO - Biblioteca 
041 |a ESP 
082 |a 347. 4609  |b NIE 
100 |a Nieto García, Alejandro  |e (autor) 
245 1 3 |a El arbitrio judicial /  |c A. Nieto. 
264 4 |a Barcelona, España :  |b Ariel,  |c 2000, c2000 
300 |a 444 p. 
336 |a texto  |b txt  |2 rdacontenido 
337 |a sin mediación  |b n  |2 rdamedio 
338 |a volumen  |b nc  |2 rdasoporte 
440 1 |a (Ariel Derecho) 
520 |a Defensa de la figura del arbitrio judicial en el marco del derecho español, que va a contracorriente de una doctrina que equipara el arbitrio con la arbitrariedad y cree en la posibilidad de desarrollar una actividad judicial sin el ejercicio lícito del arbitrio. La postura de Alejandro Nieto es que la decisión judicial implica, salvo excepciones, el ejercicio de un cierto arbitrio, que es necesario y lícito en principio, sin perjuicio de la posibilidad de un uso indebido, que sería cabalmente la arbitrariedad. Admitida la necesidad y licitud del arbitrio judicial, la cuestión estriba en precisar sus límites lo más posible para poder identificar la arbitrariedad y controlarla. 
649 |a XX 
650 |a Jueces Españoles -  |x Condiciones Jurídicas 
650 |a Abogados Españoles -  |x Condiciones Jurídicas 
650 |a Sentencias -  |z España 
650 |a Toma de Decisiones -  |z España 
650 |a Derecho Procesal -  |z España 
650 |a Derecho Procesal -  |z España 
650 |a Derecho Público -  |z España 
910 |a Fondo General 
920 |a Impresos - Libros 
930 |a Colección General 
905 |a 101 
901 |a 0500081238  |b IT1  |c ACC  |u 20250521 
902 |a https://opac.biblio.iteso.mx/vufind/Record/000152514